• 首页
  • 本馆介绍
  • 公告通知
  • 最新文献
  • 馆藏检索
  • 电子资源
  • 读者导购
  • 参考咨询
  • 我的图书馆
  • 登录
  • 详细信息显示
  • 放入我的书架
  • 预约/预借图书
  • 作者相关作品
  • 分类相关作品
  • 丛书相关作品
  • 出版社相关作品

书目信息

  • 表格格式
  • 工作单格式
  • 卡片格式
题名:
职场礼仪员工手册
    
 
作者: 张琳 , 朱博芳 编著
分册:  
出版信息: 北京   企业管理出版社  2018
页数: 215页
开本: 24cm
丛书名:
单 册:
中图分类: C912.12
科图分类:
主题词: 心理交往--礼仪--教材
电子资源:
ISBN: 978-7-5164-1614-3
000 01197nam0 2200277 450
001 012001000605
005 20140920091302.0
010    @a978-7-5164-1614-3@dCNY39.60
100    @a20180412d2018 em y0chiy50 ea
101 0  @achi
102    @aCN@b110000
105    @ay z 000yy
106    @ar
200 1  @a职场礼仪员工手册@9Zhi Chang Li Yi Yuan Gong Shou Ce@f张琳,朱博芳编著
210    @a北京@c企业管理出版社@d2018
215    @a215页@d24cm
300    @a中国企业职工礼仪培训推荐教材
314    @a张琳,高级礼仪培训师,注册形象设计师,形象管理咨询师,企业培训师等。
314    @a朱博芳,北京航空旅游专修学院高级讲师,高级化妆师,高级形象设计师,毕业于北京服装学院艺术设计专业。并在各大航空公司招聘面试现场为学生做化妆形象指导,受到用人单位的好评。
330    @a本书是为职场员工量身定做的一门职场礼仪读本,从职场员工的角度出发,对职场常用的礼仪规范做了全面的介绍和诠释,涵盖了职场员工形象礼仪、举止礼仪、日常交往礼仪等涉及工作中方方面面的礼仪细节,以期为职场员工实现人生梦想有所帮助。
606 0  @a心理交往@x礼仪@j教材
690    @aC912.12@v5
701  0 @a张琳@9Zhang Lin@4编著
701  0 @a朱博芳@9Zhu Bo Fang@4编著
801  0 @aCN@b上海新华@c20180901
905    @b1041957-61@dC912.12@e1433@f5
    
    职场礼仪员工手册/张琳,朱博芳编著.-北京:企业管理出版社,2018
    215页;24cm
    中国企业职工礼仪培训推荐教材
    
    ISBN 978-7-5164-1614-3:CNY39.60
    本书是为职场员工量身定做的一门职场礼仪读本,从职场员工的角度出发,对职场常用的礼仪规范做了全面的介绍和诠释,涵盖了职场员工形象礼仪、举止礼仪、日常交往礼仪等涉及工作中方方面面的礼仪细节,以期为职场员工实现人生梦想有所帮助。
●
相关链接 在E读中查询图书 在五车中查询图书 在当当中查询图书 在豆瓣中查询图书


正题名:职场礼仪员工手册     索取号:C912.12/1433         预约/预借

序号 登录号 条形码 馆藏地/架位号 状态 备注
1 1041957   210419572   第一样本阅览室/ [索取号:C912.12/1433] 在馆    
2 1041958   210419581   第一借阅区/ [索取号:C912.12/1433] 在馆    
3 1041959   210419590   第一借阅区/ [索取号:C912.12/1433] 在馆    
4 1041960   210419607   第一借阅区/ [索取号:C912.12/1433] 在馆    
5 1041961   210419616   第一借阅区/ [索取号:C912.12/1433] 在馆    
唐山师范学院图书馆 欢迎您!
大连网信软件有限公司© 版权所有